[Event "BRA-ch Seniors"]
[Site "Joao Pessoa"]
[Date "2012.07.28"]
[Round "3"]
[White "Alves de Medeiros, Jovany"]
[Black "Moraes, Maurino Anastacio"]
[Result "1-0"]
[WhiteElo "2078"]
[BlackElo "1735"]
[PlyCount "85"]
[EventDate "2012.07.27"]
[EventType "swiss"]
[EventRounds "6"]
[EventCountry "BRA"]
[SourceTitle "EXT 2014"]
[Source "ChessBase"]
[SourceDate "2013.11.20"]
[SourceVersion "1"]
[SourceVersionDate "2013.11.20"]
[SourceQuality "1"]

1. e4 c6 2. d4 d5 3. Nd2 dxe4 4. Nxe4 Nf6 5. Nxf6+ exf6 6. c3 Bd6 7. Bd3 0-0 8. Qc2 Re8+ 9. Ne2 g6 10. Be3 Qc7 11. 0-0-0 Be6 12. Kb1 Nd7 13. h4 b5 14. h5 Nf8 15. hxg6 fxg6 16. Rh6 Qf7 17. Nc1 f5 18. Rdh1 a5 19. R6h4 Re7 20. Bg5 Rb7 21. Bh6 Nd7 22. Bg5 Nf6 23. f3 a4 24. g4 b4 25. gxf5 bxc3 26. fxe6 Qxe6 27. Qxc3 Rab8 28. Bxf6 Qxf6 29. Bc4+ Kh8 30. b3 c5 31. Qd3 cxd4 32. Rh6 axb3 33. Bxb3 Rg7 34. Ne2 Bc5 35. f4 Re8 36. R1h2 Re3 37. Qc4 Qf8 38. Nc1 Rc3 39. Qd5 Ba3 40. Ne2 Re3 41. Qxd4 Qf5+ 42. Ka1 Rxb3 43. Rxh7+ 1-0

[Event "Joao Pessoa op 3rd"]
[Site "Joao Pessoa"]
[Date "2012.03.10"]
[Round "4"]
[White "Alves de Medeiros, Jovany"]
[Black "Soares, Alberto M Colares"]
[Result "1-0"]
[WhiteElo "2047"]
[BlackElo "2209"]
[PlyCount "87"]
[EventDate "2012.03.09"]
[EventType "swiss"]
[EventRounds "6"]
[EventCountry "BRA"]
[SourceTitle "CBM 147 Extra"]
[Source "ChessBase"]
[SourceDate "2012.04.24"]
[SourceVersion "1"]
[SourceVersionDate "2012.04.24"]
[SourceQuality "1"]

1. e4 g6 2. d4 Bg7 3. Nc3 c6 4. Bc4 d6 5. Qf3 e6 6. Be3 Nd7 7. Bb3 Qe7 8. a4 a5 9. Qe2 d5 10. Nf3 h6 11. exd5 exd5 12. 0-0 Ngf6 13. Rfe1 0-0 14. Qd2 h5 15. Bg5 Qb4 16. Qf4 Kh7 17. Rad1 Ng8 18. Bd8 Bh6 19. Qc7 Rxd8 20. Qxd8 Ngf6 21. Ne5 Kg7 22. Nxd7 Nxd7 23. Qe7 Qxe7 24. Rxe7 Kf8 25. Ree1 Nf6 26. f3 Be6 27. Kf2 Bf4 28. g3 Bd6 29. Ne2 b5 30. c3 Rb8 31. Rd2 b4 32. Nc1 h4 33. Bc2 Nh5 34. f4 Kg7 35. Nb3 hxg3+ 36. hxg3 Ra8 37. Rde2 Nf6 38. Rxe6 fxe6 39. Rxe6 Rd8 40. Nxa5 bxc3 41. bxc3 c5 42. Nb7 Rb8 43. Nxd6 Rb2 44. Re2 1-0

[Event "Recife Tavares Memorial"]
[Site "Recife"]
[Date "2011.12.11"]
[Round "5.1"]
[White "Alves de Medeiros, Jovany"]
[Black "Van Riemsdijk, Dirk Dagobert"]
[Result "0-1"]
[WhiteElo "2035"]
[BlackElo "2137"]
[PlyCount "58"]
[EventDate "2011.12.08"]
[EventType "swiss"]
[EventRounds "5"]
[EventCountry "BRA"]
[SourceTitle "EXT 2022"]
[Source "ChessBase"]
[SourceDate "2021.10.06"]
[SourceVersion "1"]
[SourceVersionDate "2021.10.06"]
[SourceQuality "1"]

1. e4 c6 2. d4 d5 3. e5 Bf5 4. Nf3 e6 5. Be2 c5 6. c3 Nc6 7. 0-0 Qb6 8. dxc5 Bxc5 9. Nbd2 Qc7 10. Nb3 Bb6 11. Nbd4 Bxd4 12. cxd4 Nge7 13. Bg5 0-0 14. h3 h6 15. Bxe7 Qxe7 16. Bd3 Be4 17. Bb1 Qb4 18. a3 Qxb2 19. Ra2 Qxb1 20. Qxb1 Bxb1 21. Rxb1 Na5 22. a4 Rac8 23. Kf1 Rc4 24. Ke2 Rfc8 25. Rbb2 b6 26. Ne1 f6 27. f4 Kf7 28. Kd3 Rc3+ 29. Ke2 Nb3 0-1

[Event "Recife Tavares Memorial"]
[Site "Recife"]
[Date "2011.12.09"]
[Round "2.1"]
[White "Lima, Darcy Gustavo Macha"]
[Black "Alves de Medeiros, Jovany"]
[Result "1-0"]
[WhiteElo "2504"]
[BlackElo "2035"]
[PlyCount "103"]
[EventDate "2011.12.08"]
[EventType "swiss"]
[EventRounds "5"]
[EventCountry "BRA"]
[SourceTitle "EXT 2022"]
[Source "ChessBase"]
[SourceDate "2021.10.06"]
[SourceVersion "1"]
[SourceVersionDate "2021.10.06"]
[SourceQuality "1"]

1. e4 c5 2. Nf3 d6 3. c3 Nf6 4. Be2 g6 5. 0-0 Bg7 6. Re1 Nc6 7. d4 cxd4 8. cxd4 0-0 9. d5 Ne5 10. Nxe5 dxe5 11. Nc3 Ne8 12. Be3 Nd6 13. f3 Bd7 14. Qb3 Qa5 15. Rec1 Rfc8 16. a4 h6 17. Qa3 Qd8 18. Nb5 Rxc1+ 19. Rxc1 Rc8 20. Ra1 Bxb5 21. axb5 Qd7 22. Qxa7 f5 23. Qa4 f4 24. Bf2 Qc7 25. Bd3 Qd7 26. Qd1 Bf6 27. Qe2 g5 28. b4 h5 29. b6 g4 30. Bc5 g3 31. h3 Kg7 32. Kf1 Kh6 33. Qa2 Nf7 34. Ke2 Ng5 35. Qa4 Qd8 36. Bb5 Qg8 37. Bd7 Rd8 38. Ra3 e6 39. h4 Nxe4 40. Bxe6 Qg6 41. Qc2 Nd6 42. Qxg6+ Kxg6 43. Ra7 Nb5 44. Rxb7 Nc3+ 45. Kd3 Nxd5 46. Rd7 Rxd7 47. Bxd7 Bd8 48. b7 Bc7 49. Be8+ Kg7 50. Bc6 Ne3 51. Bxe3 fxe3 52. Be8 1-0

[Event "Recife Tavares Memorial"]
[Site "Recife"]
[Date "2011.12.08"]
[Round "1.1"]
[White "Alves de Medeiros, Jovany"]
[Black "Born, Ary"]
[Result "1-0"]
[WhiteElo "2035"]
[BlackElo "1427"]
[PlyCount "65"]
[EventDate "2011.12.08"]
[EventType "swiss"]
[EventRounds "5"]
[EventCountry "BRA"]
[SourceTitle "EXT 2022"]
[Source "ChessBase"]
[SourceDate "2021.10.06"]
[SourceVersion "1"]
[SourceVersionDate "2021.10.06"]
[SourceQuality "1"]

1. e4 e6 2. d4 d5 3. Nc3 Bb4 4. e5 c5 5. a3 Qa5 6. Bd2 Bxc3 7. bxc3 c4 8. Qg4 Ne7 9. Qxg7 Rg8 10. Qxh7 Nbc6 11. Ne2 Bd7 12. Ng3 0-0-0 13. Qxf7 Rdf8 14. Qh5 Be8 15. Qd1 Ng6 16. Be2 Nf4 17. 0-0 Nxe2+ 18. Qxe2 Qd8 19. Bh6 Rf7 20. f4 Qh4 21. Bg5 Qh7 22. Bf6 Ne7 23. Bxe7 Rxe7 24. f5 Kd7 25. fxe6+ Rxe6 26. Rf6 Ke7 27. Raf1 Rh8 28. Rxe6+ Kd8 29. Rd6+ Kc7 30. h3 Rg8 31. Qf2 a6 32. Rf6 Ba4 33. Rf7+ 1-0

[Event "Joao Pessoa Veteranos Nordeste 2nd"]
[Site "Joao Pessoa"]
[Date "2011.11.06"]
[Round "4.1"]
[White "Alves de Medeiros, Jovany"]
[Black "Dantas, Francisco"]
[Result "1-0"]
[WhiteElo "2035"]
[BlackElo "2030"]
[PlyCount "79"]
[EventDate "2011.11.04"]
[EventType "swiss"]
[EventRounds "5"]
[EventCountry "BRA"]
[SourceTitle "EXT 2022"]
[Source "ChessBase"]
[SourceDate "2021.10.06"]
[SourceVersion "1"]
[SourceVersionDate "2021.10.06"]
[SourceQuality "1"]

1. e4 d6 2. d4 Nf6 3. Nc3 g6 4. Nf3 Bg7 5. Be2 c6 6. a4 Nbd7 7. 0-0 0-0 8. h3 e5 9. Re1 Re8 10. dxe5 dxe5 11. Be3 Qa5 12. Bc4 Qb4 13. Bb3 Nc5 14. Qd6 Na6 15. Qxb4 Nxb4 16. Ng5 Be6 17. Nxe6 fxe6 18. Rad1 Kf7 19. g3 b6 20. Rd2 Rad8 21. Red1 Rxd2 22. Rxd2 Bf8 23. a5 c5 24. axb6 axb6 25. f3 Rc8 26. Nb5 c4 27. Ba4 Ra8 28. b3 Bc5 29. Bxc5 cxb3 30. Bxb3 bxc5 31. Kf2 Ne8 32. Rd7+ Kg8 33. Bxe6+ Kh8 34. c3 Ng7 35. Nc7 Rb8 36. cxb4 cxb4 37. Bb3 h6 38. Ke2 Nh5 39. Kf2 Rf8 40. Ne6 1-0

[Event "Joao Pessoa Veteranos Nordeste 2nd"]
[Site "Joao Pessoa"]
[Date "2011.11.06"]
[Round "5.1"]
[White "Souza, Marcos Valerio"]
[Black "Alves de Medeiros, Jovany"]
[Result "1/2-1/2"]
[WhiteElo "2005"]
[BlackElo "2035"]
[PlyCount "58"]
[EventDate "2011.11.04"]
[EventType "swiss"]
[EventRounds "5"]
[EventCountry "BRA"]
[SourceTitle "EXT 2022"]
[Source "ChessBase"]
[SourceDate "2021.10.06"]
[SourceVersion "1"]
[SourceVersionDate "2021.10.06"]
[SourceQuality "1"]

1. e4 c5 2. Nf3 d6 3. d4 cxd4 4. Nxd4 Nf6 5. Nc3 a6 6. Be3 e5 7. Nb3 Be7 8. f3 h5 9. Qd2 Be6 10. 0-0-0 Nbd7 11. Qf2 Rc8 12. Kb1 Qc7 13. g3 0-0 14. h3 b5 15. g4 b4 16. Nd5 Bxd5 17. exd5 a5 18. g5 Nh7 19. Bd3 g6 20. h4 a4 21. Nd2 a3 22. Nc4 axb2 23. Kxb2 Ra8 24. Ra1 Rfc8 25. Kc1 Qb7 26. Qe2 Nc5 27. Bxc5 Rxc5 28. Ne3 b3 29. c4 Qa7 1/2-1/2

[Event "Joao Pessoa Veteranos Nordeste 2nd"]
[Site "Joao Pessoa"]
[Date "2011.11.05"]
[Round "2.1"]
[White "Alves de Medeiros, Jovany"]
[Black "Wanderley, Ariano"]
[Result "1-0"]
[WhiteElo "2035"]
[BlackElo "1915"]
[PlyCount "69"]
[EventDate "2011.11.04"]
[EventType "swiss"]
[EventRounds "5"]
[EventCountry "BRA"]
[SourceTitle "EXT 2022"]
[Source "ChessBase"]
[SourceDate "2021.10.06"]
[SourceVersion "1"]
[SourceVersionDate "2021.10.06"]
[SourceQuality "1"]

1. e4 e5 2. Nf3 Nc6 3. Bb5 a6 4. Ba4 Nf6 5. 0-0 Be7 6. Re1 b5 7. Bb3 0-0 8. d4 Nxd4 9. Nxd4 exd4 10. e5 Ne8 11. Qxd4 c5 12. Qe4 Rb8 13. c3 Bb7 14. Qg4 d5 15. Bf4 Ra8 16. Nd2 Bc8 17. Qf3 Be6 18. Rad1 g5 19. Bg3 Ng7 20. c4 d4 21. cxb5 axb5 22. Bxe6 fxe6 23. Qc6 Rxa2 24. Qxb5 Qa8 25. Qd7 Ra7 26. Qb5 Rb8 27. Qc4 Rxb2 28. Ne4 Ra4 29. Qc1 Raa2 30. Nxg5 Qd8 31. Ne4 Rc2 32. Qh6 Re2 33. Rxe2 Rxe2 34. Nf6+ Bxf6 35. exf6 1-0

[Event "Joao Pessoa Veteranos Nordeste 2nd"]
[Site "Joao Pessoa"]
[Date "2011.11.05"]
[Round "3.1"]
[White "De Souza, Robson Pequeno"]
[Black "Alves de Medeiros, Jovany"]
[Result "0-1"]
[WhiteElo "1793"]
[BlackElo "2035"]
[PlyCount "68"]
[EventDate "2011.11.04"]
[EventType "swiss"]
[EventRounds "5"]
[EventCountry "BRA"]
[SourceTitle "EXT 2022"]
[Source "ChessBase"]
[SourceDate "2021.10.06"]
[SourceVersion "1"]
[SourceVersionDate "2021.10.06"]
[SourceQuality "1"]

1. d4 c5 2. Nf3 cxd4 3. Nxd4 Nf6 4. c3 e6 5. Bg5 d6 6. e4 Be7 7. Nd2 a6 8. Bd3 Nbd7 9. 0-0 Qc7 10. Re1 b6 11. f3 Bb7 12. Kh1 0-0 13. Nf1 d5 14. Ng3 dxe4 15. fxe4 Nc5 16. Bxf6 Bxf6 17. Qe2 Be5 18. Nf1 Rad8 19. Qe3 Bf4 20. Qf3 e5 21. Bxa6 Bxa6 22. Nf5 g6 23. N5g3 Bxf1 24. Rxf1 Bxg3 25. Qxg3 Nxe4 26. Qe3 f5 27. Rf3 Qc5 28. Qe1 Rd7 29. h4 Rfd8 30. h5 Rd3 31. hxg6 hxg6 32. Qh4 R3d7 33. Rh3 Nf2+ 34. Kh2 Nxh3 0-1

[Event "Paraiban-ch op"]
[Site "Joao Pessoa"]
[Date "2011.08.07"]
[Round "5"]
[White "Alves de Medeiros, Jovany"]
[Black "Asfora, Marco Antonio Hazin"]
[Result "1-0"]
[WhiteElo "2015"]
[BlackElo "2227"]
[PlyCount "81"]
[EventDate "2011.08.05"]
[EventType "swiss"]
[EventRounds "6"]
[EventCountry "BRA"]
[SourceTitle "EXT 2014"]
[Source "ChessBase"]
[SourceDate "2013.11.20"]
[SourceVersion "1"]
[SourceVersionDate "2013.11.20"]
[SourceQuality "1"]

1. e4 e5 2. Nf3 Nc6 3. Bb5 a6 4. Ba4 Nf6 5. 0-0 Be7 6. Re1 b5 7. Bb3 d6 8. c3 0-0 9. d4 Bg4 10. Be3 exd4 11. cxd4 d5 12. e5 Ne4 13. Nc3 Nxc3 14. bxc3 Na5 15. Bc2 f5 16. Qd3 Bxf3 17. gxf3 Nc4 18. Bc1 Qe8 19. Kh1 Qh5 20. Rg1 Kh8 21. f4 a5 22. Rg3 a4 23. Rh3 Qf7 24. Qf3 c6 25. Be3 Rae8 26. Rg1 Bd8 27. Qg3 Re7 28. Bd1 Kg8 29. Rxh7 Kxh7 30. Qh3+ Kg8 31. Bh5 Qe6 32. Bg6 Rfe8 33. Bxf5 Qf7 34. Bg6 Ba5 35. f5 Bxc3 36. Bxf7+ Rxf7 37. e6 Rf6 38. Bg5 Bxd4 39. Bxf6 Bxf6 40. Qh5 Rf8 41. Rg3 1-0

[Event "Paraiban-ch op"]
[Site "Joao Pessoa"]
[Date "2011.08.06"]
[Round "3"]
[White "Francelli, Derli"]
[Black "Alves de Medeiros, Jovany"]
[Result "0-1"]
[WhiteElo "1626"]
[BlackElo "2015"]
[PlyCount "50"]
[EventDate "2011.08.05"]
[EventType "swiss"]
[EventRounds "6"]
[EventCountry "BRA"]
[SourceTitle "EXT 2014"]
[Source "ChessBase"]
[SourceDate "2013.11.20"]
[SourceVersion "1"]
[SourceVersionDate "2013.11.20"]
[SourceQuality "1"]

1. d4 d5 2. c4 e6 3. Nc3 c5 4. cxd5 exd5 5. dxc5 d4 6. Ne4 Nc6 7. Nf3 Bf5 8. Ng3 Bg6 9. Bg5 f6 10. Bd2 Bxc5 11. Rc1 Bb6 12. Qa4 Nge7 13. Nh4 Bf7 14. Nhf5 0-0 15. Rd1 Nxf5 16. Nxf5 Qd7 17. e4 Rfe8 18. Ng3 f5 19. Bd3 fxe4 20. Nxe4 Qd5 21. f3 Ne5 22. Bb5 Nxf3+ 23. gxf3 Rxe4+ 24. Be2 Ree8 25. Rf1 d3 0-1

[Event "Natal op-A 8th"]
[Site "Natal"]
[Date "2011.03.07"]
[Round "6"]
[White "Alves de Medeiros, Jovany"]
[Black "Pinto, Carlos Henrique Lop"]
[Result "1/2-1/2"]
[WhiteElo "2012"]
[BlackElo "2083"]
[PlyCount "108"]
[EventDate "2011.03.04"]
[EventType "swiss"]
[EventRounds "7"]
[EventCountry "BRA"]
[SourceTitle "CBM 141 Extra"]
[Source "ChessBase"]
[SourceDate "2011.05.03"]
[SourceVersion "1"]
[SourceVersionDate "2011.05.03"]
[SourceQuality "1"]

1. e4 e6 2. d4 d5 3. Nc3 Bb4 4. e5 Ne7 5. a3 Bxc3+ 6. bxc3 c5 7. Nf3 Qa5 8. Bd2 Qa4 9. Qb1 0-0 10. Bb5 Qa5 11. dxc5 a6 12. Bd3 Nd7 13. Qb4 Qxb4 14. axb4 Ng6 15. Bxg6 fxg6 16. 0-0 Rxf3 17. gxf3 Nxe5 18. Kg2 Bd7 19. Rfe1 Nc4 20. Bf4 Rf8 21. Bd6 Rf5 22. b5 Bxb5 23. Rxe6 Nd2 24. Rae1 Nxf3 25. R1e3 Bc6 26. Re8+ Bxe8 27. Rxe8+ Kf7 28. Rf8+ Ke6 29. Re8+ Kd7 30. Re7+ Kc8 31. Rc7+ Kd8 32. Rxb7 Ne5 33. Rb6 Nc4 34. Rxa6 Nxd6 35. Rxd6+ Kc7 36. Ra6 Rf6 37. Ra7+ Kc6 38. Rxg7 h5 39. Rg8 Kxc5 40. h3 Rc6 41. Kf3 Kc4 42. Rd8 Rf6+ 43. Kg3 Kc5 44. f4 Re6 45. Rc8+ Kd6 46. Kf3 Re1 47. Rg8 Re6 48. Kg3 Ke7 49. Rg7+ Kf6 50. Rd7 h4+ 51. Kf3 Rc6 52. Rxd5 Rxc3+ 53. Ke4 Rxc2 54. Rd3 Kf7 1/2-1/2

[Event "Natal op-A 8th"]
[Site "Natal"]
[Date "2011.03.05"]
[Round "3"]
[White "Leitao, Nicolau Daulibe"]
[Black "Alves de Medeiros, Jovany"]
[Result "1-0"]
[WhiteElo "2137"]
[BlackElo "2012"]
[PlyCount "51"]
[EventDate "2011.03.04"]
[EventType "swiss"]
[EventRounds "7"]
[EventCountry "BRA"]
[SourceTitle "CBM 141 Extra"]
[Source "ChessBase"]
[SourceDate "2011.05.03"]
[SourceVersion "1"]
[SourceVersionDate "2011.05.03"]
[SourceQuality "1"]

1. d4 Nf6 2. c4 e6 3. Nc3 d5 4. cxd5 Nxd5 5. e4 Nxc3 6. bxc3 c5 7. Nf3 cxd4 8. cxd4 Bb4+ 9. Bd2 Bxd2+ 10. Qxd2 0-0 11. Bc4 Nc6 12. 0-0 b6 13. Rac1 Bb7 14. Rfd1 Na5 15. Bd3 Rc8 16. Rxc8 Bxc8 17. Rc1 Bb7 18. Qf4 Nc6 19. e5 Nb4 20. Bxh7+ Kxh7 21. Ng5+ Kg6 22. Rc3 Nd5 23. Qe4+ f5 24. exf6+ Kxg5 25. Rg3+ Kxf6 26. Rg6+ 1-0

[Event "Recife Arraes Memorial 3rd"]
[Site "Recife"]
[Date "2010.10.12"]
[Round "7.20"]
[White "Alves de Medeiros, Jovany"]
[Black "Damasceno, Atila Alecio Lima"]
[Result "1-0"]
[WhiteElo "1996"]
[BlackElo "1969"]
[PlyCount "69"]
[EventDate "2010.10.09"]
[EventType "swiss"]
[EventRounds "5"]
[EventCountry "BRA"]
[SourceTitle "EXT 2022"]
[Source "ChessBase"]
[SourceDate "2021.10.06"]
[SourceVersion "1"]
[SourceVersionDate "2021.10.06"]
[SourceQuality "1"]

1. e4 Nf6 2. e5 Nd5 3. Nf3 d6 4. d4 Bg4 5. Be2 e6 6. 0-0 Be7 7. c4 Nb6 8. exd6 cxd6 9. Nc3 0-0 10. Be3 Nc6 11. b3 Rc8 12. h3 Bh5 13. Qd2 Nd7 14. d5 exd5 15. Nxd5 Nde5 16. Nxe5 Bxe2 17. Nxc6 bxc6 18. Nxe7+ Qxe7 19. Qxe2 Rfe8 20. Qd2 Red8 21. Rac1 a6 22. Rfe1 Qb7 23. Bd4 f6 24. Rc3 c5 25. Be3 Rc7 26. Bf4 Rcd7 27. Qd5+ Qxd5 28. cxd5 Kf7 29. g4 g5 30. Bg3 h6 31. Rf3 Kg6 32. Re6 Rf7 33. Bxd6 Rdd7 34. Bxc5 Rxd5 35. Be7 1-0

[Event "Joao Pessoa de Assis Memorial 1st"]
[Site "Joao Pessoa"]
[Date "2010.04.17"]
[Round "6.4"]
[White "Alves de Medeiros, Jovany"]
[Black "Lemos, Doriedson"]
[Result "1/2-1/2"]
[WhiteElo "2045"]
[BlackElo "2043"]
[PlyCount "47"]
[EventDate "2010.04.10"]
[EventType "tourn"]
[EventRounds "7"]
[EventCountry "BRA"]
[SourceTitle "EXT 2022"]
[Source "ChessBase"]
[SourceDate "2021.10.06"]
[SourceVersion "1"]
[SourceVersionDate "2021.10.06"]
[SourceQuality "1"]

1. e4 c5 2. Nf3 d6 3. d4 cxd4 4. Nxd4 Nf6 5. Nc3 a6 6. Be2 e5 7. Nb3 Be7 8. a4 Be6 9. 0-0 0-0 10. f4 exf4 11. Rxf4 Nc6 12. Kh1 d5 13. Be3 dxe4 14. Qg1 Qb8 15. Nxe4 Qe5 16. Nc3 Nb4 17. Nd4 Nbd5 18. Nxd5 Nxd5 19. Nxe6 Nxe3 20. Bd3 fxe6 21. Re4 Qxb2 22. Rb1 Qa2 23. Ra1 Qb2 24. Rb1 1/2-1/2

[Event "Joao Pessoa Fischer Memorial 2nd"]
[Site "Joao Pessoa"]
[Date "2010.01.22"]
[Round "2"]
[White "Santiago, Yago de Moura"]
[Black "Alves de Medeiros, Jovany"]
[Result "1-0"]
[WhiteElo "2256"]
[BlackElo "2047"]
[PlyCount "47"]
[EventDate "2010.01.22"]
[EventType "swiss"]
[EventRounds "6"]
[EventCountry "BRA"]
[SourceTitle "EXT 2011"]
[Source "ChessBase"]
[SourceDate "2010.11.26"]
[SourceVersion "1"]
[SourceVersionDate "2010.11.26"]
[SourceQuality "1"]

1. e4 c5 2. Nf3 d6 3. d4 cxd4 4. Nxd4 Nf6 5. Nc3 a6 6. Bg5 e6 7. f4 Be7 8. Qf3 Qc7 9. 0-0-0 Nbd7 10. g4 b5 11. Bxf6 Nxf6 12. g5 Nd7 13. f5 Nc5 14. f6 gxf6 15. gxf6 Bf8 16. a3 Bb7 17. Bh3 Na4 18. Nd5 exd5 19. exd5 Nb6 20. Rhe1+ Kd8 21. Qe3 Qc5 22. Qe8+ Kc7 23. Qxf7+ Kb8 24. Re8+ 1-0

[Event "Natal op-B 7th"]
[Site "Natal"]
[Date "2010.??.??"]
[Round "6"]
[White "Alves de Medeiros, Jovany"]
[Black "De Miranda, Alexandre Pinto"]
[Result "1/2-1/2"]
[WhiteElo "2047"]
[BlackElo "2079"]
[PlyCount "63"]
[EventDate "2010.02.12"]
[EventType "swiss"]
[EventRounds "9"]
[EventCountry "BRA"]
[SourceTitle "EXT 2012"]
[Source "ChessBase"]
[SourceDate "2011.11.24"]
[SourceVersion "1"]
[SourceVersionDate "2011.11.24"]
[SourceQuality "1"]

1. e4 c5 2. Nf3 e6 3. d4 cxd4 4. Nxd4 d6 5. Nc3 Nc6 6. Be3 Nf6 7. Be2 Be7 8. 0-0 0-0 9. Kh1 e5 10. Nb3 Be6 11. f4 exf4 12. Rxf4 Ne8 13. Rf2 Bg5 14. Qd2 Bxe3 15. Qxe3 Ne5 16. Nd4 Nf6 17. h3 Rc8 18. Nf5 Bxf5 19. Rxf5 Qa5 20. Rxf6 Rxc3 21. bxc3 gxf6 22. Rf1 Qxa2 23. Bd3 a5 24. Qh6 Rc8 25. Rf5 Nxd3 26. cxd3 Qa1+ 27. Kh2 Qxc3 28. Rf3 Kh8 29. Rxf6 Qe5+ 30. Kh1 Qa1+ 31. Kh2 Qe5+ 32. Kh1 1/2-1/2

[Event "Natal op"]
[Site "Natal"]
[Date "2009.05.03"]
[Round "6.10"]
[White "Braga, Jose Pereira"]
[Black "Alves de Medeiros, Jovany"]
[Result "1/2-1/2"]
[WhiteElo "2017"]
[BlackElo "2047"]
[PlyCount "46"]
[EventDate "2009.05.01"]
[EventType "swiss"]
[EventRounds "6"]
[EventCountry "BRA"]
[SourceTitle "EXT 2022"]
[Source "ChessBase"]
[SourceDate "2021.10.06"]
[SourceVersion "1"]
[SourceVersionDate "2021.10.06"]
[SourceQuality "1"]

1. d4 d5 2. c4 e6 3. Nc3 Nf6 4. Nf3 Be7 5. Bf4 0-0 6. e3 c5 7. dxc5 Bxc5 8. cxd5 exd5 9. Be2 Nc6 10. 0-0 Re8 11. Nb5 Bb6 12. Nd6 Rf8 13. Nxc8 Rxc8 14. Bg5 d4 15. Nxd4 Nxd4 16. exd4 Bxd4 17. Rb1 Qb6 18. Bf3 Rfe8 19. Qd3 Rcd8 20. Qf5 Rd6 21. b3 Rde6 22. Bxf6 Bxf6 23. Qd5 Bd4 1/2-1/2